• 首页
  • 本馆介绍
  • 公告通知
  • 最新文献
  • 馆藏检索
  • 电子资源
  • 读者导购
  • 参考咨询
  • 我的图书馆
  • 登录
  • 详细信息显示
  • 放入我的书架
  • 预约/预借图书
  • 作者相关作品
  • 分类相关作品
  • 丛书相关作品
  • 出版社相关作品

书目信息

  • 表格格式
  • 工作单格式
  • 卡片格式
题名:
自媒体视域下大学生意识形态教育研究
    
 
作者: 仇志伟 著
分册:  
出版信息: 北京   中国社会科学出版社  2020.10
页数: 218页
开本: 24cm
丛书名:
单 册:
中图分类: G641 , B016.98
科图分类:
主题词: 大学生--意识形态--思想政治教育--研究--中国
电子资源:
ISBN: 978-7-5203-7289-3
000 01604nam0 2200277 45
001 012001001608
005 20140821102852.0
010    @a978-7-5203-7289-3@dCNY76.00
100    @a20201222d2020 em y0chiy0110 ea
101 0  @achi
102    @aCN@b110000
105    @aak z 000yy
106    @ar
200 1  @a自媒体视域下大学生意识形态教育研究@Azi mei ti shi yu xia da xue sheng yi shi xing tai jiao yu yan jiu@dA study of college students' ideological education from the perspective of we-media@f仇志伟著@zeng
210    @a北京@c中国社会科学出版社@d2020.10
215    @a218页@c图@d24cm
300    @a河北经贸大学学术著作出版基金资助 河北省社会科学发展研究课题(项目类别:青年课题,课题编号:2019040302001)研究成果
300    @a并列题名:Study of college students' ideological education from the perspective of we-media
330    @a本书坚持以马克思主义理论为指导,运用多学科交叉研究的方法,通过调查问卷和访谈,把握自媒体视域下大学生意识形态教育的现状。从提升意识形态教育者的素质、提高大学生利用自媒体接受意识形态教育的自主性、发掘自媒体优长进行意识形态教育、优化意识形态教育的媒介环境四个方面有针对性地提出对策。希冀研究成果有助于高等院校教育工作者把握自媒体视域下大学生意识形态教育的基本规律,进一步夯实大学生意识形态教育的理论基础,提高教育工作者在具体工作实践中的可操作性,增强教育效果。
510 1  @aStudy of college students' ideological education from the perspective of we-media@zeng
606 0  @a大学生@x意识形态@x思想政治教育@x研究@y中国
690    @aG641@v5
690    @aB016.98@v5
701  0 @a仇志伟@Aqiu zhi wei@4著
801    @aCN@bAHXH@c20210922
905    @b1252192-6@dG641@e2124@f5
    
    自媒体视域下大学生意识形态教育研究=A study of college students' ideological education from the perspective of we-media/仇志伟著.-北京:中国社会科学出版社,2020.10
    218页:图;24cm
    河北经贸大学学术著作出版基金资助 河北省社会科学发展研究课题(项目类别:青年课题,课题编号:2019040302001)研究成果.-并列题名:Study of college students' ideological education from the perspective of we-media
    
    ISBN 978-7-5203-7289-3:CNY76.00
    本书坚持以马克思主义理论为指导,运用多学科交叉研究的方法,通过调查问卷和访谈,把握自媒体视域下大学生意识形态教育的现状。从提升意识形态教育者的素质、提高大学生利用自媒体接受意识形态教育的自主性、发掘自媒体优长进行意识形态教育、优化意识形态教育的媒介环境四个方面有针对性地提出对策。希冀研究成果有助于高等院校教育工作者把握自媒体视域下大学生意识形态教育的基本规律,进一步夯实大学生意识形态教育的理论基础,提高教育工作者在具体工作实践中的可操作性,增强教育效果。
●
相关链接 在E读中查询图书 在五车中查询图书 在当当中查询图书 在豆瓣中查询图书


正题名:自媒体视域下大学生意识形态教育研究     索取号:G641/2124         预约/预借

序号 登录号 条形码 馆藏地/架位号 状态 备注
1 1252192   212521920   第一样本阅览室/ [索取号:G641/2124] 在馆    
2 1252193   212521939   教育系资料室/ [索取号:G641/2124] 在馆    
3 1252194   212521948   教育系资料室/ [索取号:G641/2124] 在馆    
4 1252195   212521957   第四借阅区/ [索取号:G641/2124] 在馆    
5 1252196   212521966   第四借阅区/ [索取号:G641/2124] 在馆    
唐山师范学院图书馆 欢迎您!
大连网信软件有限公司© 版权所有